Bliskie naturze kształtowanie dolin rzecznych : (Rekord nr 41795)
| 000 -ETYKIETA REKORDU | |
|---|---|
| podpole kontrolne o stałej długości | 01295nam a2200313 i 4500 |
| 001 - NUMER KONTROLNY REKORDU | |
| pole kontrolne | bg |
| 003 - IDENTYFIKATOR NUMERU KONTROLNEGO REKORDU | |
| podpole kontrolne | BPK |
| 005 - DATA OSTATNIEJ MODYFIKACJI REKORDU | |
| podpole kontrolne | 20191016080517.0 |
| 008 - POLE O STAŁEJ DŁUGOŚCI - DANE KONTROLNE | |
| podpole kontrolne o stałej długości | 040311s2002 pl a |100 0 pol |
| 015 ## - NUMER BIBLIOGRAFII NARODOWEJ | |
| Numer bibliografii narodowej | PB 2007/1819 |
| 020 ## - MIĘDZYNARODOWY ZNORMALIZOWANY NUMER KSIĄŻKI - ISBN | |
| ISBN | 8373650113 |
| 040 ## - ŹRÓDŁO KATALOGOWANIA | |
| Instytucja, która sporządziła opis | WA N |
| Instytucja, która utworzyła rekord | BPK |
| 080 ## - UNIWERSALNA KLASYFIKACJA DZIESIĘTNA - UKD | |
| UKD | 551.43(438) |
| 080 ## - UNIWERSALNA KLASYFIKACJA DZIESIĘTNA - UKD | |
| UKD | 556.5(438) |
| 080 ## - UNIWERSALNA KLASYFIKACJA DZIESIĘTNA - UKD | |
| UKD | (06) |
| 245 00 - TYTUŁ/ODPOWIEDZIALNOŚĆ | |
| Tytuł | Bliskie naturze kształtowanie dolin rzecznych : |
| Ciąg dalszy tytułu | materiały ogólnopolskiej konferencji naukowej, Sarbinowo, 26-28 września 2002 / |
| Pozostałe elementy strefy tytułu i oznaczenia odpowiedzialności | red. Wojciech Puchalski, Jolanta K. Pawelczuk ; Katedra Biologii Środowiskowej Politechniki Koszalińskiej [et al.]. |
| 260 ## - STREFA ADRESU WYDAWNICZEGO | |
| Miejsce wydania | Koszalin : |
| Nazwa wydawcy/dystrybutora | Wydawnictwo Uczelniane Politechniki Koszalińskiej, |
| Data publikacji, dystrybucji/powstania dokumentu | 2002. |
| 300 ## - STREFA OPISU FIZYCZNEGO | |
| Objętość | 202 s. : |
| Inne cechy fizyczne | il. ; |
| Rozmiary | 24 cm. |
| 504 ## - UWAGA DOTYCZĄCA BIBLIOGRAFII | |
| Informacje o bibliografii | Bibliogr. przy ref. |
| 650 #4 - HASŁO PRZEDMIOTOWE W FORMIE NAZWY OGÓLNEJ LUB JEDNOSTKOWEJ | |
| Nazwa ogólna lub geograficzna | Doliny |
| Określnik geograficzny | Polska. |
| 650 #4 - HASŁO PRZEDMIOTOWE W FORMIE NAZWY OGÓLNEJ LUB JEDNOSTKOWEJ | |
| Nazwa ogólna lub geograficzna | Rzeki |
| Określnik geograficzny | Polska. |
| 655 #4 - TERMIN INDEKSOWY - OKREŚLENIE RODZAJU/FORMY DOKUMENTU | |
| Określenie rodzaju/formy dokumentu | Materiały konferencyjne |
| 700 1# - HASŁO DODATKOWE - NAZWA OSOBOWA | |
| Nazwa osobowa | Puchalski, Wojciech. |
| Określenie związku między hasłem a opisywanym materiałem | Red. |
| 700 1# - HASŁO DODATKOWE - NAZWA OSOBOWA | |
| Nazwa osobowa | Pawelczuk, Jolanta K. |
| Określenie związku między hasłem a opisywanym materiałem | Red. |
| 710 2# - HASŁO DODATKOWE - NAZWA CIAŁA ZBIOROWEGO | |
| Nazwa ciała zbiorowego lub jednostki geograficznej | Politechnika Koszalińska. |
| Nazwa jednostki podrzędnej | Wydawnictwo Uczelniane. |
| Kod określenia powiązania | pbl. |
| 856 ## - LOKALIZACJA I DOSTĘP DO ELEKTRONICZNYCH DOKUMENTÓW ZDALNYCH | |
| Link (URL) | http://koha.tu.koszalin.pl/cgi-bin/koha/opac-detail.pl?biblionumber=41795 |
| Tekst linku | Katalog online BPK |
| 856 ## - LOKALIZACJA I DOSTĘP DO ELEKTRONICZNYCH DOKUMENTÓW ZDALNYCH | |
| Link (URL) | http://dlibra.tu.koszalin.pl/dlibra/docmetadata?id=621 |
| Tekst linku | Biblioteka Cyfrowa |
| 942 ## - DODATKOWE ELEMENTY (KOHA) | |
| Schemat klasyfikacji | Uniwersalna Klasyfikacja Dziesiętna |
| Typ dokumentu | Książka |
| Wycofany | Status egzemplarza | Uszkodzony | Dostępność | Lokalizacja stała | Lokalizacja bieżąca | Miejsce przechowywania | Sygnatura | Kod kreskowy | Dział | Typ dokumentu | Numer ubytku | Ostatnio wypożyczono |
|---|---|---|---|---|---|---|---|---|---|---|---|---|
| Tylko na miejscu | Biblioteka Politechniki Koszalińskiej | Biblioteka Politechniki Koszalińskiej | Czytelnia BG | 64570 | 01899511 | 556 Hydrologia | Książka | |||||
| Dostępny | Biblioteka Politechniki Koszalińskiej | Biblioteka Politechniki Koszalińskiej | Wypożyczalnia BG | 64571 | 01899504 | Książka | ||||||
| Egz. niedostępny | Niedostępny | Biblioteka Politechniki Koszalińskiej | Biblioteka Politechniki Koszalińskiej | 64572 | 01899498 | Książka | 16805 | |||||
| Dostępny | Biblioteka Politechniki Koszalińskiej | Biblioteka Politechniki Koszalińskiej | Wypożyczalnia BG | 64573 | 01899481 | Książka | ||||||
| Dostępny | Biblioteka Politechniki Koszalińskiej | Biblioteka Politechniki Koszalińskiej | Wypożyczalnia BG | 64574 | 01899474 | Książka | 23.03.2015 |
